MARC

LEADER 00000nam0a2200000 4500
001 318718
005 20231102003115.0
035 |a (RuTPU)RU\TPU\book\344219 
035 |a RU\TPU\book\80292 
090 |a 318718 
100 |a 20160504d1970 km y0rusy50 ca 
101 0 |a rus 
102 |a RU 
105 |a a z 001zy 
200 1 |a Средства контроля и автоматики  |e [сборник]  |f под ред. Н. М. Альбицкого 
210 |a Ленинград  |c Химия  |d 1970 
215 |a 109 с.  |c ил. 
225 1 |a Государственный институт прикладной химии  |v Вып. 63 
320 |a Библиография в конце глав 
606 1 |a Химическая аппаратура  |x Технический контроль  |2 stltpush  |3 (RuTPU)RU\TPU\subj\31091  |9 54049 
610 1 |a химическая технология 
610 1 |a приборы 
610 1 |a регулирование 
610 1 |a измерения 
610 1 |a автоматика 
675 |a 66.02  |v 4 
702 1 |a Альбицкий  |b Н. М.  |4 340 
801 1 |a RU  |b 63413507  |c 20050322  |g PSBO 
801 2 |a RU  |b 63413507  |c 20171101  |g PSBO 
942 |c BK